A History of England: for family use and the upper classes of schools
Wedi'i Gadw mewn:
| Prif Awdur: | |
|---|---|
| Fformat: | Llyfr |
| Iaith: | Saesneg |
| Cyhoeddwyd: |
Londres
Burns and Oates Limited
1913
|
| Pynciau: | |
| Tagiau: |
Ychwanegu Tag
Dim Tagiau, Byddwch y cyntaf i dagio'r cofnod hwn!
|
MARC
| LEADER | 00000cam a2200000 a 4500 | ||
|---|---|---|---|
| 001 | UCF7903 | ||
| 003 | CL-VaPUC | ||
| 008 | 130711e19130000UK |||||||||||||||||eng|d | ||
| 082 | 0 | 4 | |a 942 |b DRA |2 21 |
| 100 | 0 | |a Drane, Augusta Teodosia |e author |9 570010 | |
| 245 | 1 | 2 | |a A History of England: for family use and the upper classes of schools |
| 300 | |a 853 p | ||
| 942 | |c BK | ||
| 945 | |d 20130711 00:00:00 |a dcastane | ||
| 260 | |a Londres |b Burns and Oates Limited |c 1913 | ||
| 650 | 0 | |a Historia de Inglaterra |9 376029 | |
| 583 | |a last modification |c 20130711 11:26:00 |k Rodrigo Vera | ||
| 999 | |c 352633 |d 352631 | ||
| 952 | |0 0 |1 0 |4 0 |6 942_000000000000000_DRA_1913 |7 0 |8 X |9 457234 |a FDOBUD |b FDOBUD |d 2019-11-22 |i 4988914 |o 942 DRA 1913 |p 4988914 |r 2019-11-22 |w 2019-11-22 |y BK_X |k BUD | ||